Blocking spam & spyware for dummies

Gespeichert in:
Bibliographische Detailangaben
1. Verfasser: Gregory, Peter
Format: Buch
Sprache:Undetermined
Veröffentlicht: New Jersey Wiley 2005
Schlagworte:
Tags: Tag hinzufügen
Keine Tags, Fügen Sie den ersten Tag hinzu!
Thư viện lưu trữ: Trung tâm Học liệu Trường Đại học Cần Thơ
LEADER 00614nam a2200205Ia 4500
001 CTU_88448
008 210402s9999 xx 000 0 und d
020 |c 399000 
082 |a 004.692 
082 |b G822 
100 |a Gregory, Peter 
245 0 |a Blocking spam & spyware for dummies 
245 0 |c Peter Gregory, Michael A. Simon 
260 |a New Jersey 
260 |b Wiley 
260 |c 2005 
650 |a Electronic mail systems,Spam (electronic mail),Computer networks 
650 |x Security measures,Security measures 
904 |i Giang,Hải 
980 |a Trung tâm Học liệu Trường Đại học Cần Thơ